[Event "Høstturneringen 2019"]
[Site "Ås, Akershus NOR"]
[Date "2019.10.24"]
[Round "6"]
[White "Furnes, Torstein"]
[Black "Berg-Olsen, Henrik Seljeset"]
[Result "1-0"]
[WhiteElo "1789"]
[BlackElo "1583"]
[Annotator "Furnes, Torstein"]
[PlyCount "72"]
[EventDate "2019.08.29"]

1. d4 Nf6 2. c4 e5 3. dxe5 Ng4 4. Nf3 Nc6 5. Bf4 Bc5 6. e3 Qe7 7. Be2 Ngxe5 8.
O-O O-O 9. Nc3 Nxf3+ 10. Bxf3 Ne5 $2 $18 {En feil som gjør at hvit vinner
materiell.} 11. Nd5 Qd6 12. b4 Bxb4 13. Bxe5 Qxe5 14. Nxb4 c6 15. Qd4 Qe7 16.
c5 Rb8 17. Nd3 Re8 18. Nf4 b5 19. Rfd1 Qg5 20. Qd6 Rb7 21. Rd4 f5 22. Rad1 a5
23. e4 ({Andrevalget til Fritz er her det interessante} 23. Rd5 $5 {og det er
dårlig for svart å slå tårnet:} cxd5 $2 24. Bxd5+ Kh8 25. Bxb7 Bxb7 26. Qxd7)
23... b4 24. e5 Qe7 25. Qxe7 (25. e6 {er sterkere.}) 25... Rxe7 26. e6 (26.
Bxc6 {er bedre.} dxc6 27. Rd8+ Kf7 28. Rxc8) 26... g5 27. exd7 Rbxd7 28. Rxd7 (
{Fritz vil heller spille} 28. Ne2) 28... Rxd7 ({Litt bedre er} 28... Bxd7 29.
Nh5 Kf7) 29. Rxd7 Bxd7 30. Nd3 g4 31. Bd1 Kg7 32. Ne5 Be8 33. Ba4 Kf6 34. Bxc6
$2 $14 {Fritz sier at dette er en stor feil som senker hvitfordelen fra +4 til
+0.5.} ({Det korrekte er å slå med springeren.} 34. Nxc6 $18) 34... Bxc6 $2 $18
({Svart hadde her muligheten til det elegante} 34... a4 $3 {og hvit må gi
tilbake offiser med enten 35.Lxa4 eller 35.Sd3 for å unngå å tape. For eksempel
} 35. Bxe8 $4 b3 $1 {Hvit leder med to lette offiserer, men klarer ikke å
hindre svart i få ny dronning.} 36. axb3 a3 {osv}) 35. Nxc6 a4 36. Nxb4 Ke6 1-0

[Event "Høstturneringen 2019"]
[Site "Ås, Akershus NOR"]
[Date "2019.10.17"]
[Round "6"]
[White "Andersen, Odd"]
[Black "Kielland-Lund, Jon"]
[Result "0-1"]
[WhiteElo "1745"]
[BlackElo "1694"]
[Annotator "Stockfish 10 64 (60m)"]
[PlyCount "111"]
[EventDate "2019.08.29"]

{B12: Caro-Kann: Advance Variation} 1. e4 c6 2. d4 d5 3. e5 c5 4. dxc5 e6 5.
Be3 Nd7 6. Bb5 Qc7 {The pressure on c5 grows} 7. b4 Qxe5 8. c3 {last book move.
Black's piece can't move: c8} Ne7 $2 (8... Qc7 9. g3 Be7 $16) 9. Ne2 (9. Nf3
Qc7 10. Qd2 Ng6 $16) 9... Qc7 (9... a6 10. Ba4 a5 11. a3 $14) 10. Nd2 (10. c4
dxc4 11. Nbc3 Ng6 12. Bxc4 a6 $14) 10... Nf5 (10... g6 $5 {must be considered}
11. Bf4 e5 $14) 11. Bf4 $16 e5 12. Bg3 (12. Bxe5 $142 Qxe5 13. Nf3 $16) 12...
b6 $4 {ruins a clearly superior position} (12... a6 13. Ba4 Be7 14. Qb3 Nxg3
15. hxg3 $11) 13. cxb6 (13. Nf3 $142 {it becomes clear that White will call
all the shots} Bxc5 14. Qxd5 $18 (14. bxc5 $143 Qxc5 15. Bxd7+ Bxd7 16. Nxe5
Bb5 $18)) 13... axb6 $11 ({Weaker is} 13... Qxb6 14. Bxd7+ Bxd7 15. Bxe5 $16)
14. a3 (14. O-O Bd6 15. Qb3 Bb7 $11) 14... Bd6 (14... Be7 $142 15. Nf1 Bb7 $11
(15... Nxg3 16. Nfxg3 O-O 17. Qxd5 $11)) 15. Qb1 $2 (15. Qb3 Qb7 16. O-O O-O
$11) 15... Nxg3 $4 {hands over the advantage to the opponent} (15... g6 $142
$19 {Black has a promising position}) 16. hxg3 $11 g6 (16... h6 $142 17. c4 O-O
18. cxd5 Nf6 $11) 17. O-O $4 {White is ruining his position} (17. c4 O-O 18.
cxd5 $11) 17... O-O $17 18. Rc1 $2 (18. f4 $142 $17) 18... Ba6 $4 {releasing
the pressure on the opponent} (18... Nf6 $142 $19 {and Black can look forward
to a comfortable game}) 19. Bxa6 $15 Rxa6 20. Qd3 Rfa8 (20... Qb7 21. Qb5 Nf6
22. Rd1 $15) 21. Qxd5 $11 Rxa3 $2 {Attacking the backward pawn on c3} (21...
Nf6 22. Qb3 Bf8 $11) 22. Qxa8+ $4 {gives the opponent counterplay} (22. Rxa3
$142 {would have given White a clear advantage} Rxa3 23. Ne4 $16) 22... Rxa8
$17 23. Rxa8+ Kg7 24. Rca1 (24. Nf1 $5 $15) 24... Nf6 $17 25. Nf3 (25. R8a2
$142 $5 $17) 25... Qc4 $19 26. R1a2 (26. Re1 e4 27. Nfd4 $19) 26... Ne4 27.
R8a3 (27. Ne1 Nxc3 28. Nxc3 Qxc3 29. Nc2 $19) 27... g5 (27... Qd3 $142 {keeps
an even firmer grip} 28. Kf1 Qd1+ 29. Ne1 Nd2+ 30. Rxd2 Qxd2 $19) 28. Rc2 $4 {
strolling merrily down the path to disaster} (28. Nh2 Qd3 29. g4 Qb1+ 30. Nf1
$19) 28... h6 (28... Bxb4 $142 {and the result of the game is clear: Black
will win} 29. Ra4 Qb3 $19) 29. Ne1 $2 (29. Ra1 $142 $19) 29... g4 30. f3 Nf6
31. Rd2 Bc5+ $1 {Double attack: a3/g1} 32. Kf1 (32. bxc5 Qxc5+ {Double attack})
32... gxf3 (32... Nh5 {and Black can already relax} 33. Rd3 e4 34. fxe4 Qxe4
35. bxc5 Qf5+ 36. Kg1 Qxc5+ 37. Rd4 Qxa3 38. Rxg4+ Kf8 39. Kf2 $19) 33. gxf3
Be3 34. Rd3 Nd5 $4 {gives away a clear win} (34... Bg5 $142 $19) 35. Rd1 $4 {
forfeits the clear win} (35. Rxd5 $142 Qxd5 36. c4 Qxc4 37. Rxe3 Qxb4 38. Rxe5
$18) 35... Bg5 (35... e4 $5 {and Black can already relax} 36. Rxd5 Qxd5 37. c4
$19) 36. Ng2 h5 37. Ke1 h4 38. gxh4 Bxh4+ 39. Kf1 Bg5 (39... Be7 {keeps an
even firmer grip} 40. Kf2 Bh4+ 41. Kf1 $19) 40. Kf2 Bh4+ 41. Kg1 (41. Kf1 Be7
42. Kf2 $19) 41... Qxe2 42. Rxd5 (42. Rf1 {cannot change what is in store for
White} Bg3 43. Rfa1 Bf2+ 44. Kh2 Ne3 45. Nxe3 Bxe3+ 46. Kh3 Qxf3+ 47. Kh2 Qf2+
48. Kh3 Bf4 49. c4 Qh2+ 50. Kg4 Qg2+ 51. Rg3 Qxg3+ 52. Kh5 Qh3#) 42... Qf2+ (
42... Bf2+ 43. Kh2 Qxf3 44. c4 Qxa3 45. Ne3 Qxe3 46. Kg2 Be1 47. Rxe5 Qg3+ 48.
Kh1 Qxe5 49. b5 Qg3 50. c5 Bf2 51. c6 Qg1#) 43. Kh1 Qxf3 (43... Qf1+ 44. Kh2
Bf2 45. Rd6 Qg1+ 46. Kh3 Qh1+ 47. Kg4 Qxg2+ 48. Kf5 Qxf3+ 49. Kxe5 Bg3+ 50. Kd4
Bxd6 51. Kc4 Bf4 52. Ra1 b5+ 53. Kxb5 Qd5+ 54. Ka4 Qa8+ 55. Kb5 Qxa1 56. c4 Qf1
57. Kc5 Be3+ 58. Kb5 Qe2 59. Kc6 Qxc4+ 60. Kb7 Qb5+ 61. Kc8 Bf4 62. Kd8 Qc6 63.
b5 Bg5#) 44. Rd2 $19 Bf2 45. Rxf2 Qxf2 46. c4 Qf1+ 47. Kh2 Qxc4 48. Rg3+ Kf6
49. Ne3 Qd4 (49... Qe2+ $142 {makes it even easier for Black} 50. Kg1 Ke6 51.
Nf1 $19) 50. Nc2 (50. Kg2 Ke6 51. b5 f5 52. Rg6+ Kf7 53. Rg7+ Kf6 54. Rg3 e4
55. Rh3 f4 56. Nf1 Qb2+ 57. Kg1 f3 58. Rg3 Qe2 59. Rg8 Kf7 60. Rg3 e3 61. Nxe3
Qxe3+ 62. Kh1 Qc1+ 63. Kh2 Qf4 64. Kh3 f2 65. Rg1 Qe3+ 66. Rg3 f1=Q+ 67. Kg4
Qd4+ 68. Kh5 Qf5+ 69. Rg5 Qh8#) 50... Qd6 (50... Qf4 $5 {might be the shorter
path} 51. Ne1 Qxb4 52. Nf3 $19) 51. Ne3 Ke6 52. Nc2 f6 (52... Qd2+ 53. Rg2 Qh6+
54. Kg3 Qf4+ 55. Kh3 f5 56. Rg8 Kf7 57. Rg2 Qf3+ 58. Kh2 f4 59. Ne1 Qd1 60. Nc2
e4 61. Rf2 Ke6 62. b5 e3 63. Rxf4 Qxc2+ 64. Kg3 Qc7 65. Kf3 Qxf4+ 66. Kxf4 e2
67. Ke3 e1=Q+ 68. Kd4 Qd2+ 69. Ke4 Kf6 70. Kf3 Kf5 71. Kg3 Qe2 72. Kh3 Kf4 73.
Kh4 Qh2#) 53. Kh3 Qd2 (53... Qc6 54. Rg2 Qc3+ 55. Kh2 b5 56. Kg1 f5 57. Kf1 f4
58. Ne1 e4 59. Re2 Kf5 60. Rc2 Qd4 61. Rc5+ Kg4 62. Rc8 f3 63. Rg8+ Kh3 64. Rc8
Qd1 65. Rh8+ Kg3 66. Rg8+ Kf4 67. Kg1 Qxe1+ 68. Kh2 Qh4+ 69. Kg1 Ke3 70. Rg2
fxg2 71. Kxg2 Qg5+ 72. Kf1 Kf3 73. Ke1 Qc1#) 54. Rg2 Qc3+ 55. Kh2 b5 56. Kg1 {
Partiet fortsatte i 10 trekk til, før hvit ga opp den ulike kampen. Kluss med
notasjonen. Et spennende og dynamisk parti! Dog ikke helt feilfritt, kan man
si.} 0-1

[Event "Høstturneringen 2019"]
[Site "Ås, Akershus NOR"]
[Date "2019.10.17"]
[Round "6"]
[White "Brenden, Torbjørn"]
[Black "Lea, Per"]
[Result "1-0"]
[WhiteElo "1577"]
[BlackElo "1753"]
[Annotator "Lea, Per"]
[PlyCount "175"]
[EventDate "2019.08.29"]

1. d4 d5 2. Nf3 Nf6 3. c4 e6 4. e3 Bb4+ 5. Bd2 Qe7 ({Utrolig nok er} 5... Be7 {
ofte spilt her - uten at jeg skjønner poenget. Hvorfor er ikke dette bare et
tempotap?}) 6. Bd3 dxc4 7. Bxc4 Nc6 $2 (7... Nbd7 {Det er selvfølgelig her
springeren hører hjemme}) (7... O-O {var også en mulighet. Poenget er at hvit
truet med en dronningsjakk på a5 som vinner en offiser}) 8. O-O O-O 9. a3 (9.
Bxb4 {beholder fordelen}) 9... Bxd2 10. Nbxd2 Rd8 $2 ({Jeg trodde} 10... e5 11.
d5 Na5 12. e4 Nxc4 13. Nxc4 {var farlig for svart, men Stockfish påstår at den
stillingen er ingenting å frykte}) 11. Qc2 {Skaper et farlig press som gjør at
c-bonden faller 25 trekk seinere!} Nd5 $2 ({Bedre:} 11... a6) ({eller} 11... h6
) 12. Rac1 a6 13. Rfd1 Bd7 14. Ne4 b5 15. Bd3 Be8 16. Nc5 h6 17. Bf1 Ra7 18. a4
$2 (18. e4 {hadde holdt presset oppe}) 18... Ncb4 $2 {Svart griper ikke sjansen
} (18... bxa4 19. Nxa4 Ndb4 ({eller} 19... a5) 20. Qb3 Na5 {og svart kan
kjempe litt til}) 19. Qb3 bxa4 20. Nxa4 Bxa4 21. Qxa4 a5 22. Rc5 Rda8 23. Ne5
f6 24. Nc6 Nxc6 25. Rxc6 Nb6 26. Qc2 Nd5 27. Qe4 Kf7 28. Rdc1 Rb8 29. Bc4 Qd7
$4 {Begge overser dene bukken} (29... Rd8 {var nødvendig}) 30. Bxd5 (30. Rxe6
$1 {Vinner lett!} Qxe6 31. Bxd5) 30... exd5 31. Qc2 Rbb7 (31... a4 32. Rxc7
Rxc7 33. Qxc7 Qxc7 34. Rxc7+ Kg6 35. Ra7 Rxb2 {og svart kan ikke slå a-bonden})
32. b3 Ke7 33. h3 Kf7 34. Qc3 a4 {Svart prøver å få et tårnsluttspill med
bonde under. Men det hadde nok vært bedre å fortsette å forsvare c-bonden.} 35.
bxa4 Rxa4 36. Rxc7 Rxc7 37. Qxc7 Ra7 38. Qb8 Rb7 39. Qf4 g5 40. Qg3 Kg6 41. Rc5
Qe6 42. Qf3 Rd7 43. Qe2 Qe4 44. Qa2 Qe6 45. Qa8 Rd6 46. Rc8 Ra6 47. Rg8+ Kh5 $2
{Går inn i en mattfelle} 48. Qf8 (48. g4+ $1 Kh4 49. Qb8 Qd6 50. Qe8 {og svart
må ofre dronninga på g3 forå unnga å bli matt.}) 48... f5 49. Kh2 Qd6+ 50. g3
Qxf8 51. Rxf8 Kg6 52. Rd8 Ra5 53. Rd6+ Kg7 54. Rc6 Ra8 55. Rd6 Ra5 56. g4 fxg4
57. hxg4 Rb5 58. Kg3 Ra5 59. f4 Rb5 60. f5 Ra5 61. Rd7+ Kg8 62. Re7 Rb5 63. Kf3
Ra5 64. Re6 Kg7 65. Rg6+ Kh7 66. Re6 Kg7 67. Rd6 Rb5 68. Rc6 Rb7 69. Rc5 Rd7
70. e4 dxe4+ 71. Kxe4 Re7+ 72. Re5 Ra7 73. Re6 Ra1 74. Rg6+ Kh7 75. d5 Re1+ 76.
Kf3 Rf1+ 77. Kg2 Rf4 78. Kg3 Rd4 79. d6 Rd3+ 80. Kf2 Rd5 81. Ke3 Rd1 82. Ke4
Rf1 83. Kd5 Rd1+ 84. Ke6 Re1+ 85. Kf6 Rd1 86. Rg7+ Kh8 87. Rd7 Re1 88. Kg6 {
Svart kan ikke unngå matten} 1-0

[Event "Høstturneringen 2019"]
[Site "Ås, Akershus NOR"]
[Date "2019.10.17"]
[Round "6"]
[White "Simonsen, Steinar"]
[Black "Aamodt, Peder Marcus"]
[Result "0-1"]
[WhiteElo "1500"]
[BlackElo "1481"]
[Annotator "Aamodt, Peder Marcus"]
[PlyCount "72"]
[EventDate "2019.08.29"]

1. e4 c5 2. Nf3 d6 {Forrige gang spilte jeg Sc6} 3. Bb5+ Bd7 4. Bxd7+ Qxd7 5.
O-O Nf6 6. e5 Nd5 {[%emt 0:00:34] det beste trekket i denne stillingen er dxe5
spilt 890 ganger i chessbase 15 sin megadatabase mens Sd5 er spilt} 7. Nc3 Nb6
$5 $146 8. exd6 exd6 $6 {e6 var bedre} (8... e6 {for å slå på d6 med løperen})
9. Re1+ Be7 10. Qe2 $6 {både d4 og a4 er bedre} Nc6 11. d3 O-O 12. Bg5 Bxg5 13.
Nxg5 Nd4 {her tenkte jeg at jeg sto godt og at det var vanskelig å skaffe en
fordel til hvit} 14. Qd2 Qg4 15. h3 Qf5 16. Nce4 h6 17. g4 Qg6 18. c3 Nc6 $2 {
jeg forsto ikke at dette var så godt for hvit før etter Sf3} (18... f5 $1 {
hadde vært godt for meg}) 19. Nf3 c4 20. Nh4 Qh7 {det her ser ekstremt bra ut
for hvit} 21. d4 Rad8 22. Nf5 Qg6 $4 {her kom jeg i tidsnød og overså det
knusende trekket d5} 23. d5 Rfe8 24. dxc6 Re5 25. cxb7 {ett godt trekk men han
må se hele varianten} Rxf5 26. Nxd6 Rd5 27. Re8+ $2 {her hadde Steinar en
knusende variant} (27. Qxd5 $3 Nxd5 28. Nc8 $1 Qc6 29. b8=Q Rxc8 30. Qg3 {med
vinst for hvit}) 27... Rxe8 28. Nxe8 Rxd2 29. b8=Q Kh7 30. Qxa7 Rxb2 31. a4 h5
32. a5 $4 {og nå tabber Steinar seg ut fordi han glemmer at jeg bare kan slå
på g4} hxg4 33. axb6 $4 {nå blir det matt} gxh3+ 34. Kf1 Qg2+ 35. Ke1 Qxf2+ (
35... Qg1# {var matt med en gang}) 36. Kd1 Qd2# 0-1

[Event "Høstturneringen 2019"]
[Site "Ås, Akershus NOR"]
[Date "2019.10.17"]
[Round "6"]
[White "Moberg, Jan Rune"]
[Black "Samset, Jon"]
[Result "1-0"]
[WhiteElo "1651"]
[BlackElo "1386"]
[Annotator "Furnes, Torstein"]
[PlyCount "49"]
[EventDate "2019.08.29"]

1. g4 d5 2. Bg2 Bxg4 3. c4 e6 4. Qb3 c6 5. Qxb7 Nd7 6. Qxc6 Rc8 7. Qa6 Rxc4 8.
Na3 Bxa3 9. Qxa3 Qc7 10. b3 Rc2 11. Nf3 Bxf3 12. Bxf3 Ngf6 13. O-O h5 14. h3 $2
$19 {Fritz sier at svart nå har en fordel på -6} Ng4 $1 15. Bxg4 hxg4 16. f4
Rxh3 (16... Qb6+ 17. Kg2 Qd4 {er førstevalget til Fritz, men det som ble spilt
er også sterkt.}) 17. Qb4 e5 {Etter dette trekket mister svart mye av fordelen,
men har fortsatt -2 i fordel.} ({Stockfish angir matt i 12 trekk etter} 17...
Qd8 18. Ba3 Rc5 19. f5 Qh4 20. Qf4 e5 {og hvit kan utsette matten noen trekk
ved å ofre dronningen:} 21. Rf3 exf4 22. Rxh3 Qxh3 {osv}) 18. Ba3 Nc5 (18...
Qd8 {er bedre.}) 19. Rac1 Rxc1 $2 $18 {Partiets vendepunkt. Det er nå hvit som
står til vinst.} ({Svart kunne beholdt en liten fordel med} 19... exf4 $1 {og
hvit har kun ett trekk som unngår umiddelbart tap:} 20. Qxf4 (20. Rxc2 $4 f3)
20... Qxf4 21. Rxf4 Rxc1+ 22. Bxc1 g3 $15) 20. Rxc1 exf4 21. Rxc5 Qb6 22. Qxf4
Rh6 23. d4 Qe6 24. Qb8+ Kd7 25. Rc7# 1-0

[Event "Høstturneringen 2019"]
[Site "Ås, Akershus NOR"]
[Date "2019.10.17"]
[Round "6"]
[White "Petersen, Rune J"]
[Black "Bakkerud, Balder Jonsson"]
[Result "0-1"]
[WhiteElo "1202"]
[BlackElo "1186"]
[PlyCount "100"]
[EventDate "2019.08.29"]

1. d4 Nf6 2. Nf3 e6 3. e3 d5 4. Nc3 c5 5. Bd2 Nc6 6. Bb5 Bd7 7. Bxc6 bxc6 8.
O-O cxd4 9. exd4 c5 10. Be3 Qc7 11. Re1 c4 12. a3 Bd6 13. Bg5 Ng4 14. g3 f6 15.
Bf4 Bxf4 16. Nxd5 Qb7 17. Nxf4 Kf7 18. Ng5+ fxg5 19. Qxg4 gxf4 20. Qxf4+ Ke7
21. Rad1 Rhf8 22. Qg5+ Kf7 23. d5 Rae8 24. d6 Qf3 25. Qf4+ Qxf4 26. gxf4 Kg6
27. Re4 Rc8 28. Rdd4 c3 29. b3 Rf5 30. Re5 Rc5 31. Rxc5 Rxc5 32. Rd3 Kf5 33.
Rd4 Rd5 34. Rc4 Rxd6 35. Rxc3 Kxf4 36. Rc4+ Ke5 37. f4+ Kf5 38. Kf2 Rd2+ 39.
Kg3 g5 40. Rc5+ Rd5 41. Rxd5+ exd5 42. fxg5 Kxg5 43. a4 Bf5 44. c3 Bc2 45. h4+
Kf5 46. c4 d4 47. Kf2 Bxb3 48. c5 Bxa4 49. Ke2 Bb5+ 50. Kd2 a5 0-1

[Event "Høstturneringen 2019"]
[Site "Ås, Akershus NOR"]
[Date "2019.10.17"]
[Round "6"]
[White "Olsen, Trygve"]
[Black "Larsen, Jo Ingebrigt"]
[Result "0-1"]
[WhiteElo "1498"]
[BlackElo "1527"]
[PlyCount "71"]
[EventDate "2019.08.29"]

1. f4 f5 2. Nf3 Nf6 3. e3 e6 4. Be2 d6 5. b3 Nbd7 6. Ng5 Nc5 7. d3 Bd7 8. Nd2
Qe7 9. a4 O-O-O 10. O-O h6 11. Ngf3 Ng4 12. Nc4 g6 13. Qe1 Bg7 14. Ra2 g5 15.
h3 Nf6 16. Qa5 Kb8 17. Nd4 b6 18. Qe1 gxf4 19. exf4 Nd5 20. Nf3 Bf6 21. Bb2
Rhg8 22. Bxf6 Qxf6 23. Qh4 Qxh4 24. Nxh4 Nc3 25. Raa1 Nxe2+ 26. Kh2 Bc6 27. Rf2
Nd4 28. Re1 Ndxb3 29. Rd1 Na5 30. Nb2 Nxa4 31. Nxa4 Bxa4 32. Re1 Rde8 33. c3
Nb3 34. d4 Bc6 35. Rd1 Be4 36. Re1 0-1

[Event "Høstturneringen 2019"]
[Site "Ås, Akershus NOR"]
[Date "2019.10.17"]
[Round "6"]
[White "Thowsen, Alf Geir"]
[Black "Skaret, Runar"]
[Result "1-0"]
[WhiteElo "1396"]
[BlackElo "1310"]
[PlyCount "53"]
[EventDate "2019.08.29"]

1. d4 e6 2. c4 d5 3. cxd5 exd5 4. Nc3 Nf6 5. Nf3 h6 6. h3 Bd6 7. e3 Bf5 8. Bd3
Bxd3 9. Qxd3 O-O 10. Bd2 Re8 11. O-O Ne4 12. Rac1 Nxd2 13. Qxd2 c6 14. Rfe1 Nd7
15. Qc2 Nf6 16. Nd2 Bc7 17. b4 Qd6 18. Nf3 Qxb4 19. Rb1 Qd6 20. Rxb7 Reb8 21.
Reb1 Nd7 22. Nb5 cxb5 23. Qxc7 Qxc7 24. Rxc7 Nf6 25. Rbc1 Kf8 26. Ne5 Rc8 27.
Rxc8+ 1-0

[Event "Høstturneringen 2019"]
[Site "Ås, Akershus NOR"]
[Date "2019.10.31"]
[Round "7"]
[White "Kielland-Lund, Jon"]
[Black "Brenden, Torbjørn"]
[Result "1/2-1/2"]
[WhiteElo "1694"]
[BlackElo "1577"]
[Annotator "Tactical Analysis 2.10 (9s)"]
[PlyCount "68"]
[EventDate "2019.08.29"]

1. c4 Nf6 2. Nc3 e5 3. Nf3 d5 4. Nxe5 d4 5. Qa4+ c6 6. Nd1 Bd6 7. Nf3 {[%cal
Be5f3,Bf3d4,Bd4b5,Bb5c3,Bc3d5] [%mdl 32]} Bd7 8. Nxd4 {White is slightly
better.} c5 9. Nb5 O-O 10. Qc2 Be5 11. d3 Nc6 12. Bg5 a6 13. Nbc3 h6 14. Bxf6
Qxf6 15. Nd5 Qg6 16. g3 Rfe8 {[#] ...Nd4 is the strong threat.} 17. Bg2 h5 18.
N1e3 h4 19. O-O-O Nd4 20. Qd2 h3 21. Bf3 Bc6 22. Bg4 (22. Be4 $16 f5 23. Bf3)
22... Bxd5 23. cxd5 f5 ({Black should play} 23... a5) 24. Bxh3 $16 f4 25. gxf4
Bxf4 {[#]} 26. Kb1 $1 Qh6 27. Be6+ (27. Bg4 $18) 27... Nxe6 28. dxe6 Rxe6 29.
Qc2 {Hoping for Nd5.} Bxe3 30. fxe3 Qxe3 31. Qc4 Kh8 (31... Rf8 $14) 32. Qd5
Re7 33. Qh5+ Kg8 34. Qd5+ Kh8 $1 {Precision: White = 53%, Black = 34%.} 1/2-1/2

[Event "Høstturneringen 2019"]
[Site "Ås, Akershus NOR"]
[Date "2019.10.31"]
[Round "7"]
[White "Aamodt, Peder Marcus"]
[Black "Andersen, Odd"]
[Result "1-0"]
[WhiteElo "1481"]
[BlackElo "1745"]
[Annotator "Aamodt, Peder Marcus"]
[PlyCount "91"]
[EventDate "2019.08.29"]

1. d4 d5 2. Bf4 e6 3. e3 Nf6 4. Nf3 c6 $6 {ett litt merkelig trekk som gjør
løperen på c8 super dårlig} 5. Nbd2 Nbd7 {noe som ingen av oss likte} (5... b6
{med plan om å bytte på a6 hadde vært bedre}) 6. Bd3 Be7 7. c3 O-O 8. Qc2 $6 {
gir vekk litt av fordelen} (8. Ne5 {var noe jeg også så på}) 8... Re8 9. Ne5 {
ett mer spennende trekk her hadde vært 9.g4 og så bare kjøre på} Nf8 10. Ndf3
$146 N6d7 {Stockfish liker ikke denne manøveren, men jeg tenker at den er
ganske naturlig} 11. h4 f6 12. Nxd7 (12. Ng5 {var også inntressant men det
funker ikke helt} fxg5 {eneste} 13. hxg5 Nxe5 14. Bxh7+ Kf7 15. dxe5 Bxg5 16.
Bg3 $13 {med spennende og uklart spill}) 12... Qxd7 13. g4 Bd6 14. g5 Bxf4 15.
exf4 f5 $2 {nå blir hvitfeltsløperen enda dårligere} (15... e5 {hadde nok vært
bedre} 16. fxe5 Qg4 17. Qe2 fxe5 $14) 16. Ne5 Qe7 17. h5 Nd7 18. Qe2 {for å
slå igjen på e5 med damen} c5 19. a3 cxd4 20. cxd4 Qd6 21. Rc1 Nxe5 22. Qxe5
Qxe5+ 23. fxe5 {og nå har vi dette sluttspillet hvor jeg tror jeg står til
vinst (+1,4)} Bd7 24. Rc7 Bc6 $4 {den avgjørende tabben ifølge Stockfish (+4,9)
} (24... Rac8 $1 {var det Odd måtte spille}) 25. h6 $1 {og herfra var det så
lett} g6 26. b4 a6 27. Kd2 Rac8 28. Rg7+ Kh8 29. Rc1 Rg8 30. Re7 Rge8 31. Rxe8+
Rxe8 32. Bxa6 {dette var det Odd overså} Rb8 33. Bd3 Kg8 34. b5 Be8 35. Rc7 Bf7
36. Kc3 b6 37. Kb4 Kf8 38. a4 Ke8 39. Bc2 Rd8 40. Bb3 Rd7 {her vinner det også
å slå på d7. men jeg tok en liten tårnmanøver istedenfor} 41. Rc6 Rb7 42. Rc8+
Ke7 43. Rh8 Rc7 44. Rb8 Rc1 45. Rb7+ Kf8 46. Rxb6 {oppgitt} 1-0

[Event "Høstturneringen 2019"]
[Site "Ås, Akershus NOR"]
[Date "2019.10.31"]
[Round "7"]
[White "Larsen, Jo Ingebrigt"]
[Black "Furnes, Torstein"]
[Result "0-1"]
[WhiteElo "1527"]
[BlackElo "1789"]
[Annotator "Furnes, Torstein"]
[PlyCount "56"]
[EventDate "2019.08.29"]

1. d4 d5 2. Bf4 Nf6 3. e3 e6 4. Nd2 Bd6 5. Bd3 Bxf4 6. exf4 Qd6 7. Qf3 Qb4 8.
Ne2 Qxb2 9. O-O ({Førstevalget til Fritz er} 9. Rb1 Qxa2 10. O-O Qa5 (10... Qa3
$4 11. Bb5+ c6 12. Qxa3) 11. Nb3 Qb6 12. Nc5 Qd6 13. Nxb7 Bxb7 14. Rxb7 $11)
9... Qb4 10. Nb3 Nc6 11. Nc5 Nxd4 12. Nxd4 Qxc5 13. c3 Qd6 14. Rfe1 O-O 15. Re5
c5 16. Nb5 Qd7 17. c4 a6 18. Nc3 dxc4 19. Bxc4 Qc7 20. g4 Bd7 (20... b6 {er
førstevalget til Fritz. Hvit kan ikke slå tårnet:} 21. Qxa8 $4 Bb7 22. Qa7 Ra8)
21. g5 Ne8 ({Svart burde spilt mellomtrekket} 21... Bc6 {før springeren
flyttes.}) 22. h4 Bc6 23. Qg4 Qe7 24. g6 hxg6 25. h5 Nf6 26. Qh4 Nd5 (26...
gxh5 $4 27. Rxh5 Nxh5 28. Qxe7 $18) 27. Qh3 Nxf4 28. Qg4 Nxh5 0-1

[Event "Høstturneringen 2019"]
[Site "Ås, Akershus NOR"]
[Date "2019.10.31"]
[Round "7"]
[White "Rønbeck, Bjørn"]
[Black "Simonsen, Steinar"]
[Result "0-1"]
[WhiteElo "1585"]
[BlackElo "1500"]
[PlyCount "102"]
[EventDate "2019.08.29"]

1. e4 e5 2. Nf3 Nc6 3. Bb5 d6 4. Bxc6+ bxc6 5. O-O Nf6 6. Re1 Be7 7. d4 exd4 8.
Nxd4 Bb7 9. Nc3 O-O 10. Bf4 c5 11. Nf3 Re8 12. e5 Nh5 13. Be3 g6 14. Na4 Ng7
15. Bd2 Bc6 16. c4 Qd7 17. b3 Rad8 18. Bf4 Ne6 19. Bg3 dxe5 20. Qxd7 Rxd7 21.
Nxe5 Bxa4 22. Nxd7 Bxd7 23. Rad1 Bc6 24. f3 h5 25. h4 a5 26. Bf2 a4 27. Re2
axb3 28. axb3 Rb8 29. Re3 Bf6 30. Rb1 Bd4 31. Rd3 Nf4 32. Rd2 Bxf2+ 33. Kxf2
Ba4 34. Kg3 Ne6 35. Rd3 Nd4 36. Re3 Nf5+ 37. Kf2 Nxe3 38. Kxe3 Rxb3+ 39. Rxb3
Bxb3 40. Kd3 f5 41. f4 Kf7 42. g3 Ke6 43. Kc3 Bd1 44. Kd2 Bf3 45. Ke3 Be4 46.
Kd2 Kd6 47. Kc3 Kc6 48. Kb3 Kb6 49. Ka3 Ka5 50. Kb3 Bf3 51. Ka3 Bd1 0-1

[Event "Høstturneringen 2019"]
[Site "Ås, Akershus NOR"]
[Date "2019.10.31"]
[Round "7"]
[White "Lea, Per"]
[Black "Heien, Aksel"]
[Result "1-0"]
[WhiteElo "1753"]
[BlackElo "1289"]
[PlyCount "87"]
[EventDate "2019.08.29"]

1. e4 e5 2. Nf3 Nc6 3. Bb5 a6 4. Ba4 b5 5. Bb3 Nf6 6. O-O d6 7. Ng5 d5 8. exd5
Na5 9. d4 Nxb3 10. axb3 h6 11. Nf3 Bg4 12. dxe5 Nxd5 13. Nc3 (13. Qe2) 13...
Nxc3 14. bxc3 Qxd1 15. Rxd1 Bxf3 16. gxf3 Be7 17. Be3 O-O 18. Rd7 Bd8 19. Bd4
Re8 20. Rd1 c6 21. f4 Re7 22. Bc5 Rxd7 23. Rxd7 g6 24. Kf1 a5 25. Rd6 Rc8 26.
Rd7 a4 27. bxa4 bxa4 28. Ra7 Rc7 29. Ra8 Rd7 30. Bb6 Kf8 31. Bxd8 f6 32. Bxf6+
Kf7 33. Rxa4 Rd2 34. Ra7+ Ke6 35. Ra2 g5 36. fxg5 hxg5 37. Bxg5 Rd5 38. Bf4 Rc5
39. Ra3 Kf5 40. Bg3 Rc4 41. Ke2 c5 42. f3 Ke6 43. Kd3 Kd5 44. Ra6 1-0